| 000 | 00888nam a22002177a 4500 | ||
|---|---|---|---|
| 999 |
_c80517 _d317794 |
||
| 003 | OSt | ||
| 005 | 20220629141639.0 | ||
| 008 | 220629b2016 jo ||||g |||| 00| 0 ara d | ||
| 040 |
_aMa-Un _cMa-Un |
||
| 082 |
_221 _a371.2 _bب ج ج |
||
| 100 |
_aالبرقعاوي، جلال عزيز فرمان. _942452 |
||
| 245 |
_aالجودة في نظم التربية و التعليم / _cجلال عزيز فرمان البرقعاوي. |
||
| 250 | _aط. 1. | ||
| 260 |
_aعمان، الأردن : _b الدار المنهجية للنشر والتوزيع، _c2015 _m1436 |
||
| 300 |
_a176 ص. : _bايض. ؛ _c24 سم. |
||
| 504 | _aيشتمل على قائمة ببليوجرافية. | ||
| 650 |
_aالمدارس. _xإدارة. _xضبط جودة. _992835 |
||
| 650 |
_aالتخطيط التربوي. _992836 |
||
| 650 |
_aالتعليم. _xضبط جودة. _992837 |
||
| 942 |
_2ddc _cBOOK |
||